| 000 | 00818nam a22002297a 4500 | ||
|---|---|---|---|
| 005 | 20100512143619.0 | ||
| 008 | 091103t xxu||||| |||| 00| 0 eng d | ||
| 020 |
_a9780230634428 _c450.00 |
||
| 020 |
_a0230634427 _c450.00 |
||
| 037 | _bPUB | ||
| 040 |
_adpl _bEnglish |
||
| 245 |
_aLatest trends in nanotechnology: _cedited by V.V. Bedekar, D.K. Nayak [and] Usha Raghavan _ba new expostiton in a broader spectrum / |
||
| 260 |
_aNew Delhi _bMacmillan _c2008 |
||
| 270 |
_a2/10, Ansari Road, Daryaganj _bNew Delhi _e110002 |
||
| 300 |
_aviii, 100p _c25cm(Hb) |
||
| 490 | _aMacmillan advanced research series | ||
| 700 | _aBedekar, V.V. | ||
| 700 | _aNayak, D.K. | ||
| 700 | _aRaghavan, Usha | ||
| 942 |
_2ddc _cEN _mLAT |
||
| 999 |
_c35986 _d35986 |
||